Antike Kultur auf Münzen von Qarara : aus der Ägyptensammlung des Museums /

محفوظ في:

المؤلف الرئيسي: Kosack, Wolfgang (مؤلف)

مؤلف مشترك: Museum für Völkerkunde der Stadt Freiburg im Breisgau.

التنسيق: كتاب

اللغة: German

منشور في: Freiburg i. Br. : Städtische Museen, 1977.

سلاسل: Veröffentlichungen des Museums für Völkerkunde ; 1977/2.

الموضوعات:

الوسوم: إضافة وسم

لا توجد وسوم, كن أول من يضع وسما على هذه التسجيلة!

رقم الطلب: CJ1073 .Q37 K67 1977

LEADER 01263namaa2200313 4500
001 23491
003 OSt
005 20251106115832.0
008 130303s1977 gw af bc 000 0 ger d
010 |a 79353380 
040 |c ARCE Library 
043 |a e-gw---  |a f-ua--- 
050 4 |a CJ1073 .Q37 K67 1977 
100 1 |a Kosack, Wolfgang,   |e author  |9 34133 
245 1 0 |a Antike Kultur auf Münzen von Qarara :   |b aus der Ägyptensammlung des Museums /   |c Wolfgang Kosack. 
264 1 |a Freiburg i. Br. :  |b Städtische Museen,  |c 1977. 
300 |a 49 pages, [4] leaves of plates :  |b illustrations ;  |c 30 cm. 
490 1 |a Veröffentlichungen des Museums für Völkerkunde ;  |v 1977/2. 
500 |a At head of title : Museum für Völkerkunde der Stadt Freiburg im Breisgau. 
504 |a Bibliography : page 15. 
610 2 0 |a Museum für Völkerkunde der Stadt Freiburg im Breisgau  |v Catalogs. 
650 0 |a Coins, Roman  |z Egypt  |z Qarara Site  |v Catalogs. 
650 0 |a Coins, Ancient  |z Egypt  |z Qarara Site  |v Catalogs. 
651 0 |a Qarara Site (Egypt)  |v Catalogs.  |9 19838 
710 2 |a Museum für Völkerkunde der Stadt Freiburg im Breisgau. 
830 0 |a Veröffentlichungen des Museums für Völkerkunde ;  |v 1977/2. 
901 |a reviewed 
942 |c BK  |2 lcc 
999 |c 23544  |d 23544